000 01192nam a2200313 a 4500
001 ebr10270780
003 CaPaEBR
006 m u
007 cr cn|||||||||
008 090501s2007 ne a sb 000 0 eng d
020 _z9789004161948
020 _z9789047421023
020 _z9004161945
040 _aCaPaEBR
_cCaPaEBR
035 _a(OCoLC)310366972
050 1 4 _aBT738.5
_b.V63 2007eb
245 0 0 _aVocation and social context
_h[electronic resource] /
_cedited by Giuseppe Giordan.
260 _aLeiden ;
_aBoston :
_bBrill,
_c2007.
300 _aviii, 213 p. :
_bill.
490 1 _aReligion and the social order,
_x1061-5210 ;
_vv. 14
504 _aIncludes bibliographical references.
533 _aElectronic reproduction.
_bPalo Alto, Calif. :
_cebrary,
_d2013.
_nAvailable via World Wide Web.
_nAccess may be limited to ebrary affiliated libraries.
650 0 _aVocation.
655 7 _aElectronic books.
_2local
700 1 _aGiordan, Giuseppe.
710 2 _aebrary, Inc.
830 0 _aReligion and the social order ;
_vv. 14.
856 4 0 _uhttp://site.ebrary.com/lib/rucke/Doc?id=10270780
_zAn electronic book accessible through the World Wide Web; click to view
999 _c7913
_d7913